Der Hobbit - BilderQuiz - Statistiken

Allgemein
  • Dieses Quiz wurde 406 mal gespielt
  • Das Durchschnittsergebnis liegt bei 11 aus 16
Antwortstatistiken
Bildquiz Antwort % Korrekt
Gollum
95%
Legolas
93%
Bilbo Beutlin
90%
Smaug
90%
Saruman
81%
Elrond
80%
Thorin
79%
Galadriel
78%
Kili
67%
Radagast
64%
Azog
53%
Gloin
53%
Thranduil
50%
Tauriel
47%
Beorn
39%
Bard
34%
Keine übereinstimmenden Quizze gefunden
Verteilung der Resultate
Anzahl Personen mit jedem Resultat
Perzentil nach korrekt beantworteten Fragen
Ihre Resultats-Entwicklung
Sie haben dieses Quiz noch nicht gespielt